| 000 | nam a22 7a 4500 | ||
|---|---|---|---|
| 999 |
_c15310 _d15310 |
||
| 008 | 161028b xxu||||| |||| 00| 0 eng d | ||
| 020 | _a0780806123 | ||
| 020 | _a9780780806122 | ||
| 050 | _aREF RB 127 ,P346 2002 | ||
| 100 | _aBellenir, Karen | ||
| 245 |
_aPain sourcebook : _bbasic consumer health information about specific forms of acute and chronic pain, including muscle and skeletal pain, nerve pain, cancer pain, and disorders characterized by pain, such as fibromyalgia, shingles, angina, arthritis, and headaches along with information about pain medications and management techniques, complementary and alternative pain relief options, tips for people living with chronic pain, a glossary,and a director of sources for further information/ _cKaren Bellenir. |
||
| 250 | _a2nd ed. | ||
| 260 |
_aDetroit : _bOmnigraphics, _c©2002. |
||
| 300 |
_axiii, 670p. : _bill. ; _c23cm. |
||
| 500 | _aIncludes bibliography and index. | ||
| 650 |
_aPain _xPopular works. |
||
| 942 |
_2lcc _cREF_BOOK _hREF RB 127 ,P346 2002 |
||